[Event "FRA-chT4 0405"]
[Site "Bretagne"]
[Date "2005.02.06"]
[Round "5"]
[White "Letue, Anthony"]
[Black "Martin, Yvon"]
[Result "1-0"]
[WhiteElo "1780"]
[BlackElo "1740"]
[PlyCount "81"]
[EventDate "2004.04.03"]
[EventType "team"]
[EventRounds "7"]
[EventCountry "FRA"]
[SourceTitle "EXT 2007"]
[Source "ChessBase"]
[SourceDate "2006.11.23"]
[SourceVersion "1"]
[SourceVersionDate "2006.11.23"]
[SourceQuality "1"]

1. e4 e6 2. d4 d5 3. Nc3 Nf6 4. e5 Nfd7 5. f4 c5 6. Nf3 Nc6 7. Be3 a6 8. Qd2 b5 9. h4 Qb6 10. a4 b4 11. Ne2 c4 12. Ng3 c3 13. bxc3 bxc3 14. Qf2 Qb2 15. Rd1 Nb6 16. Bd3 Nxa4 17. 0-0 Qb6 18. f5 Nb4 19. Ng5 Nxd3 20. Rxd3 Ra7 21. Bc1 h6 22. Nh3 exf5 23. Nxf5 g6 24. Nd6+ Bxd6 25. exd6 Qxd6 26. Re3+ Kf8 27. Rf3 f5 28. Bf4 Qd8 29. Be5 Rhh7 30. Nf4 Qb6 31. Nxd5 Qd8 32. Nf4 g5 33. hxg5 hxg5 34. Ne2 Raf7 35. Nxc3 Nxc3 36. Rxc3 g4 37. Qg3 Bb7 38. Rc5 Qa8 39. Bd6+ Kg8 40. Rcxf5 Rxf5 41. Rxf5 1-0

[Event "FRA-chT4 0304"]
[Site "Bretagne"]
[Date "2004.01.18"]
[Round "4"]
[White "Letue, Anthony"]
[Black "Le Moine, Cedric"]
[Result "0-1"]
[WhiteElo "1870"]
[BlackElo "1910"]
[PlyCount "114"]
[EventDate "2003.10.12"]
[EventType "team"]
[EventRounds "9"]
[EventCountry "FRA"]
[SourceTitle "EXT 2005"]
[Source "ChessBase"]
[SourceDate "2004.11.15"]
[SourceVersion "1"]
[SourceVersionDate "2004.11.15"]
[SourceQuality "1"]

1. d4 Nf6 2. Nc3 g6 3. e4 d6 4. f4 Bg7 5. Nf3 c5 6. d5 0-0 7. Bd3 a6 8. a4 Nbd7 9. 0-0 Qa5 10. Bd2 Qb6 11. Qe2 c4+ 12. Be3 cxd3 13. cxd3 Qd8 14. d4 Nb6 15. a5 Nbd7 16. h3 b5 17. e5 Ne8 18. Qf2 Bb7 19. Qh4 Nc7 20. f5 Nxd5 21. Bh6 f6 22. fxg6 hxg6 23. Ne4 dxe5 24. Bxg7 Kxg7 25. Neg5 Rh8 26. Ne6+ Kg8 27. Qg3 Qe8 28. dxe5 Nf8 29. Nc5 Bc8 30. Rae1 f5 31. e6 Qc6 32. Nd7 Bxd7 33. exd7 Qxd7 34. Ne5 Qd6 35. Rxf5 Nf6 36. Rg5 Rh6 37. Qb3+ Qd5 38. Qc2 Rd8 39. h4 Kg7 40. Nc6 Qd6 41. Nxe7 Qd4+ 42. Kf1 Qf4+ 43. Kg1 Kf7 44. Nc6 Rd2 45. Qc5 Rxh4 46. Ne5+ Kg8 47. Nf3 Ne4 48. Rxe4 Qxe4 49. Nxd2 Qe1+ 50. Nf1 Rf4 51. Qd5+ Kg7 52. Qe5+ Qxe5 53. Rxe5 Kf7 54. Ne3 Nd7 55. Re7+ Kxe7 56. Nd5+ Kd6 57. Nxf4 Ne5 0-1